Troballa de les tres últimes obres de Mossèn Cinto Verdaguer / Rosalia Guilleumas de Rubió
Descripción Física:
17 p. : il. ; 31 cm
MARC
| LEADER | 00000nam a2200000Ia 4500 | ||
|---|---|---|---|
| 001 | 11635 | ||
| 008 | 160829s1977 xx 000 0 cat d | ||
| 080 | |a FU-28-15 | ||
| 100 | 1 | |a Guilleumas, Rosalia, |d 1924-2007 |9 29214 | |
| 245 | |a Troballa de les tres últimes obres de Mossèn Cinto Verdaguer / Rosalia Guilleumas de Rubió | ||
| 260 | |a Barcelona : |b (Imp. Casa de Caritat), |c 1977 | ||
| 300 | |a 17 p. : |b il. ; |c 31 cm | ||
| 590 | |a Després del títol: LXXV aniversari de la mort i centenari de 'L'Atlàntida'. | ||
| 590 | |a Separata de: San Jorge, núm. 100 | ||
| 600 | 1 | 0 | |a Verdaguer, Jacint, |d 1845-1902 |x Aniversaris, etc. |9 55234 |
| 650 | |a Verdaguer, Jacint |x Manuscrits |9 39680 | ||
| 901 | |a Arxiu | ||
| 942 | |n 1 | ||
| 952 | |0 0 |1 0 |4 0 |6 FU2815 |7 1 |9 49157 |a Arxiu |b Arxiu |d 2016-12-01 |l 0 |o FU-28-15 |p 11635 |r 2016-12-01 00:00:00 |w 2016-12-01 |y ARXIU | ||
| 999 | |c 52996 |d 52996 | ||